header

A disability of the soul (Record no. 38797)

MARC details
000 -LEADER
fixed length control field 01598nam a2200373Ia 4500
082 04 - DEWEY DECIMAL CLASSIFICATION NUMBER
Classification number 362.2/6
100 1# - MAIN ENTRY--AUTHOR NAME
Personal name Nakamura, Karen,
245 12 - TITLE STATEMENT
Title A disability of the soul
260 ## - PUBLICATION, DISTRIBUTION, ETC. (IMPRINT)
Place of publication Ithaca :
Name of publisher Cornell University Press,
Year of publication 2013.
300 ## - PHYSICAL DESCRIPTION
Number of Pages xiii, 248 p.
650 #0 - SUBJECT ADDED ENTRY--TOPICAL TERM
Topical Term Mentally ill
Topical Term Schizophrenics
Topical Term Community mental health services
Topical Term Mental illness
Topical Term Schizophrenia
856 40 - ELECTRONIC LOCATION AND ACCESS
Uniform Resource Identifier http://site.ebrary.com/lib/rucke/Doc?id=10720660

No items available.

© 2026 Rongo University
Contact us: librarian | system librarian | Rongo university